Football Player Career Path - Statistics

General Stats
  • This quiz has been taken 160 times
  • The average score is 9 of 12
Answer Stats
Picture Answer % Correct
Ademola Lookman
91%
Mateo Kovačić
86%
Pedro Neto
86%
Alexandre Lacazette
84%
Yann Sommer
83%
Matty Cash
81%
Ryan Gravenberch
81%
Donny van de Beek
74%
Rodrigo De Paul
68%
Daichi Kamada
67%
Michele Di Gregorio
34%
Bryan Cristante
27%
No matching quizzes found
Score Distribution
Percent of People with Each Score
Percentile by Number Answered
Your Score History
You have not taken this quiz